| 000 | 00400nam a2200145 i 4500 | ||
|---|---|---|---|
| 001 | 142484 | ||
| 003 | ES-MaACL | ||
| 007 | t| | ||
| 008 | 071005s1921 xxk ||||1| eng d | ||
| 100 | 1 |
_aWithers, Hartley. _9117163 |
|
| 245 | 1 | 4 |
_aThe meaning of money / _cby Hartley Withers. |
| 260 |
_aLondon : _bWilliam Clowes and Sons, _c1921. |
||
| 300 |
_aXIV, 306 p. ; _c20 cm. |
||
| 852 |
_aES-MaACL _jB-7137 |
||
| 999 |
_c142484 _d142484 |
||